000 01537cam a22004814i 4500
003 PE-LiUPU
005 20250731165639.0
008 150616s r 000 0 d
020 _a0802804195
035 _a(Sirsi) i9780802804198
040 _aPE-LiUPU
_bspa
_cPE-LiUPU
_erda
049 _aPRUA
082 0 4 _a225.07
_bT
_221
100 _aMorris, León
_cCanónigo
_d1914-2006
_eautor
_91644
245 1 0 _aLuke /
_cuna introducción y comentario por Leon Morris.
264 1 _aGrand Rapids, Michigan :
_bW.B. Eerdmans Publishing Company,
_c1994.
300 _a382 páginas ;
_c19 centímetros.
336 _atext
_2rdacontent
337 _aunmediated
_2rdamedia
338 _avolume
_2rdacarrier
490 0 _a(The Tyndale New Testament Commentaries ;
_v3)
505 0 _aComentarios del evangelio de Lucas Lucas.
526 _aSEG44
526 _aSEG26
526 _aP151
526 _aP150
526 _aP149
526 _aP146
526 _aP145
526 _aP126
526 _aP125
526 _aP92
526 _aP75
526 _aP74
526 _aP27
526 _aP15
630 0 _aBiblia.
_pLucas
_xCrítica, interprtación, etc.
_91663
910 _ajck
942 _2ddc
_cBK
949 _aRC 225.077 T 3
_wDEWEY
_c1
_i40203
_lCCODEBUL1
_mBUL
_r0
_sY
_tBOOK
_u2015-6-16
_xTEOLOGIA
_zUNKNOWN
_0COMPRA
_o.CIRCNOTE. No olvidar cambiar la fecha de devolución!!!!!!!
_o.STAFF. Colección General
999 _c58000
_d58000
980 _81
_gALBERTO SANCHEZ Responsable de Automatización